| 000 | 00697nam a2200217Ia 4500 | ||
|---|---|---|---|
| 005 | 20220315160535.0 | ||
| 008 | 210716s2003 xx 000 0 und d | ||
| 040 | _cAIMIT LIBRARY | ||
| 041 | _aeng | ||
| 082 |
_a382.1 _218 _bCHEF |
||
| 100 |
_aCherunilam, Francis. _923771 |
||
| 245 |
_aBusiness environment : _btext and cases / _cby Francis Cherunilam. |
||
| 250 | _a18 th | ||
| 260 |
_aNew Delhi : _bHimalaya Publishing House , _c2003. |
||
| 300 |
_axiv,776 p.; _c27.5 cm. |
||
| 650 |
_aEconomic planning and development _923772 |
||
| 650 |
_aGlobal environment _923773 |
||
| 650 |
_aLabour environment _923774 |
||
| 650 |
_aFinancial system _923775 |
||
| 942 |
_2ddc _cBK _e18th _k382.1 CHEF |
||
| 999 |
_c203326 _d203326 |
||